Statistics for 1992-93 FA Premier League

Click here to take the quiz!

General Stats

  • This quiz has been taken 17 times
  • The average score is 15 of 22

Answer Stats

PositionTeamsQualification or Relegation% Correct
6Liverpool
100%
1Manchester UnitedQualification for the Champions League first round
100%
13Everton
94%
10ArsenalQualification for the Cup Winner's First Round
88%
11Chelsea
81%
17Leeds United
81%
9Manchester City
81%
18Southampton
81%
2Aston VillaQualification for the UEFA Cup first round
75%
4Blackburn Rovers
75%
3Norwich CityQualification for the UEFA Cup first round
75%
8Tottenham Hotspur
75%
16Ipswich Town
69%
20Crystal PalaceRelegation to the Football League First Division
63%
21MiddlesbroughRelegation to the Football League First Division
63%
22Nottingham ForestRelegation to the Football League First Division
63%
19Oldham Athletic
50%
14Sheffield United
50%
7Sheffield Wednesday
50%
12Wimbledon
50%
15Coventry City
44%
5Queen Park Rangers
25%

Score Distribution

Percentile by Number Answered

Percent of People with Each Score

Your Score History

You have not taken this quiz